000 00862nam a2200289Ia 4500
001 Z_2337
003 CHAP
008 220113s1993 xx 000 0 und d
010 _a165394
040 _cCHAP
090 _aTesis M 847
100 _aMarquez Madrid, Miguel
_976332
245 _aFertilización del pasto Guinea (Panicum maximum Jacq.) para la producción de semilla /
_cpor Miguel Marquez Madrid
260 _aChapingo, Méx. :
_bEl autor,
_c1993
300 _a60 h.
502 _aTesis (Ing. Agr. Esp. en Zootecnia) -- UACH. Departamento de Zootecnia
650 _aFertilizantes
_xEfecto en pastos
_940536
650 _aPanicum maximum
_985105
650 _aPastos
_xSemilla
_986077
650 _aSemillas
_xRendimiento
_9103930
901 _aTESIS M 847
902 _aM
910 _a1993
942 _c2
942 _c2
999 _c165394
_d165394